000 01246cam a22002415a 4500
008 230526s2021 xxk f 000 0 eng d
020 _a9781783214402
041 0 _aeng
110 2 _aRoyal Institution of Chartered Surveyors
_94900
245 0 0 _aRICS Valuation Global Standards
_bPortugal National Supplement
_h[electronic resource]
250 _a1st
260 _aLondon,
_bRICS,
_c2021
300 _a13p.
490 0 _aRICS Red Book
520 _aThis national supplement sets out supporting guidance for members on the application of RICS Valuation – Global Standards (Red Book Global Standards) to valuations undertaken subject to Portuguese jurisdiction. It places fresh emphasis on the fact that the content is supplemental to that in Red Book Global Standards, and not in substitution for it. This removes the need for an overall Introduction reproducing that in Red Book Global Standards.
520 _aEffective from July 2021
650 2 4 _aRED BOOK
650 2 4 _aGLOBAL VALUATION STANDARDS 2017
651 4 _aPortugal
690 _aValuation
_96273
856 4 0 _uhttps://www.rics.org/content/dam/ricsglobal/documents/standards/red_book_portugal_national_supplement_1st_edition.pdf
_zView on RICS.org
942 _n0
_2ddc
999 _c121523
_d121523